[Event "BEL-ch U20"]
[Site "Houffalize"]
[Date "2009.04.15"]
[Round "4"]
[White "Jacqmin, Pierre Alain"]
[Black "Rudolph, Melvin"]
[Result "1/2-1/2"]
[WhiteElo "1488"]
[BlackElo "1699"]
[PlyCount "46"]
[EventDate "2009.04.13"]
[EventType "swiss"]
[EventRounds "9"]
[EventCountry "BEL"]
[SourceTitle "EXT 2012"]
[Source "ChessBase"]
[SourceDate "2011.11.24"]
[SourceVersion "1"]
[SourceVersionDate "2011.11.24"]
[SourceQuality "1"]

1. e4 c5 2. Nc3 d6 3. Bc4 Nf6 4. d3 e6 5. f4 a6 6. a4 d5 7. Bb3 dxe4 8. Nxe4 Nxe4 9. dxe4 Qxd1+ 10. Kxd1 b6 11. c3 Bb7 12. Bc2 Nd7 13. Ne2 Nf6 14. Ng3 h5 15. h4 Ng4 16. Ke2 g6 17. Nf1 f5 18. g3 Rd8 19. Rg1 Rh7 20. e5 Rhd7 21. Ne3 Kf7 22. Rd1 Rxd1 23. Nxd1 Be7 1/2-1/2

[Event "BEL-ch U20"]
[Site "Houffalize"]
[Date "2009.04.14"]
[Round "2"]
[White "Jacqmin, Pierre Alain"]
[Black "Ponnet, Geerard"]
[Result "1/2-1/2"]
[WhiteElo "1488"]
[BlackElo "1748"]
[PlyCount "37"]
[EventDate "2009.04.13"]
[EventType "swiss"]
[EventRounds "9"]
[EventCountry "BEL"]
[SourceTitle "EXT 2012"]
[Source "ChessBase"]
[SourceDate "2011.11.24"]
[SourceVersion "1"]
[SourceVersionDate "2011.11.24"]
[SourceQuality "1"]

1. e4 b6 2. d4 Bb7 3. Nc3 e6 4. Bd3 Nf6 5. Nf3 Bb4 6. Qe2 d5 7. e5 Ne4 8. Bd2 Nxd2 9. Nxd2 c5 10. a3 Ba5 11. Nb5 0-0 12. b4 cxb4 13. axb4 Bxb4 14. Rxa7 Rxa7 15. Nxa7 Qh4 16. Nb5 Ba6 17. c3 Rc8 18. 0-0 Ba5 19. Nf3 1/2-1/2

[Event "BEL-ch U20"]
[Site "Houffalize"]
[Date "2009.04.13"]
[Round "1"]
[White "Barbier, Wiebke"]
[Black "Jacqmin, Pierre Alain"]
[Result "1-0"]
[WhiteElo "1802"]
[BlackElo "1488"]
[PlyCount "63"]
[EventDate "2009.04.13"]
[EventType "swiss"]
[EventRounds "9"]
[EventCountry "BEL"]
[SourceTitle "EXT 2012"]
[Source "ChessBase"]
[SourceDate "2011.11.24"]
[SourceVersion "1"]
[SourceVersionDate "2011.11.24"]
[SourceQuality "1"]

1. e4 e5 2. Nf3 Nc6 3. d3 Nf6 4. c3 Be7 5. Be2 0-0 6. 0-0 d6 7. Be3 Be6 8. Nbd2 Ng4 9. d4 exd4 10. Bxd4 d5 11. e5 f6 12. Ng5 fxg5 13. Bxg4 Qd7 14. Bxe6+ Qxe6 15. Re1 Rf5 16. Qe2 Raf8 17. f3 Re8 18. Nf1 Nxd4 19. cxd4 c5 20. Qe3 Qb6 21. Qd3 Rf4 22. dxc5 Bxc5+ 23. Kh1 Bd4 24. Ng3 Rf7 25. e6 Rf6 26. e7 Kf7 27. Nf5 Bf2 28. Qxd5+ Kg6 29. Qd7 Bxe1 30. Qxe8+ Kxf5 31. Qd7+ Kf4 32. Qg4+ 1-0